| 000 | 00374nam a2200157Ia 4500 | ||
|---|---|---|---|
| 003 | 0STCL | ||
| 008 | 150530s9999 xx 000 0 und d | ||
| 040 |
_aSTCL _cSTCL |
||
| 100 | _aAiyappan, A. Ed | ||
| 245 | _aHand book of museum techniques | ||
| 260 |
_bGovernment of Madras _c1960 |
||
| 546 | _aEnglish | ||
| 942 |
_2ddc _cBK |
||
| 999 |
_c37324 _d37324 |
||
| 005 | 20220125170418.0 | ||